IBM 360 assembler language programming /

Guardado en:
Autor Principal: Kapur, Gopal K.
Formato: Libro
Idioma:English
Publicado: New York : Wiley, c1970.
Materias:
Etiquetas: Agregar Etiqueta
Sin Etiquetas, Sea el primero en etiquetar este registro!
LEADER 00518nam a22001695 4500
001 MAT.inmabb002108
008 710219s1970####nyua##########001#0#eng#d
005 20160607163838.0
245 1 0 |a IBM 360 assembler language programming /  |c Gopal K. Kapur. 
260 |a New York :  |b Wiley,  |c c1970. 
300 |a xviii, 560 p. :  |b il. ;  |c 24 cm. 
020 |a 0471458406 
100 1 |a Kapur, Gopal K. 
084 |a 68Nxx  |2 msc2000 
650 0 |a IBM 360 (Computer)  |x Programming. 
010 |a  76125272  
859 |h 68  |i K17  |p A-3760  |b BIB. MATEMATICA